Datum a čas kvízu
26
Celkem bodů
Celkový počet nahraných bodů na tomto kvízu bez doplňovacích otázek.
4.
Pořadí na kvízu
Konečné umístění týmu na tomto kvízu.
Zaznamenané odpovědi
| # | Otázka | Odpověď | Body | Výsledky |
|---|---|---|---|---|
| 1. | Kolik Českých lvů získal při s... | 1 | ||
| 2. | Do prodejny mobilů přišla žena... | 0 | ||
| 3. | Jak se nazývá snímek, který zí... | 0.5 | ||
| 4. | Na letošním ženevském autosalo... | 0 | ||
| 5. | Petr Čech překonal v nedělním... | 1 | ||
| 6. | V tomto tématu si posvítíme na... | 0 | ||
| 7. | Které jsou nejrozšířenější jaz... | 0 | ||
| 8. | Největší jezera na světě co do... | 0 | ||
| 9. | Státy USA s největší rozlohou:... | 0 | ||
| 10. | Evropské země podle rozlohy: 1... | 0 |